सीखें गणित खुशी-खुशीः1; संख्याएँ / (Record no. 21796)

MARC details
000 -LEADER
fixed length control field 03437nam a22004097a 4500
005 - DATE AND TIME OF LATEST TRANSACTION
control field 20090102122541.0
010 ## - LCCN (DPL NO)
LC control number B-349515-519 B-444235-239
020 ## - INTERNATIONAL STANDARD BOOK NUMBER
Terms of availability 25.00
International Standard Book Number 9788182639102
035 ## - SYSTEM CONTROL NUMBER
System control number B-349515-519
035 ## - SYSTEM CONTROL NUMBER
System control number B-444235-239
037 ## - SOURCE OF ACQUISITION
Source of stock number/acquisition प्रथम बुक्स
037 ## - SOURCE OF ACQUISITION
Source of stock number/acquisition बल्यूबैरी
082 ## - DEWEY DECIMAL CLASSIFICATION NUMBER
Classification number 510
100 ## - MAIN ENTRY--PERSONAL NAME
Personal name माला कुमार
245 ## - TITLE STATEMENT
Title सीखें गणित खुशी-खुशीः1; संख्याएँ /
Statement of responsibility, etc माला कुमार ; मधुबाला जोशी द्वारा अनुदित
246 ## - VARYING FORM OF TITLE
Title proper/short title
Remainder of title
260 ## - PUBLICATION, DISTRIBUTION, ETC. (IMPRINT)
Place of publication, distribution, etc नई दिल्ली
Name of publisher, distributor, etc प्रथम बुक्स
Date of publication, distribution, etc 2008
270 ## - ADDRESS
Address बी-3/4, प्रथम तल, सफदरज़ंग एन्क्लेव
City नई दिल्ली
Postal code 110 029
Telephone number 011-65684113
Fax number
Electronic mail address www.prathambooks.org
300 ## - PHYSICAL DESCRIPTION
Extent 28.पृ.;
Dimensions 23.5सेमी (अजिल्द)
Other physical details सचित्र
490 ## - SERIES STATEMENT
Series statement
-- 37991
500 ## - GENERAL NOTE
General note
700 ## - ADDED ENTRY--PERSONAL NAME
Personal name
9 (RLIN) 35389
710 ## - ADDED ENTRY--CORPORATE NAME
Corporate name or jurisdiction name as entry element जोशी, मधुबाला
9 (RLIN) 35390
942 ## - ADDED ENTRY ELEMENTS (KOHA)
Source of classification or shelving scheme Dewey Decimal Classification
Item type Children Books
Call number suffix मालाकु
Classification part 510
Holdings
Withdrawn status Lost status Not for loan Collection code Home library Current library Date acquired Source of acquisition Cost, normal purchase price Full call number Barcode Copy number Cost, replacement price Koha item type Public note
      Non-fiction Bawana Bawana 03/01/2012 बल्यूबैरी/7040/29.9.11/83/21.3.11/10.10.11 25.00 510 मालाकु B-444238 1 25.00 Children Books  
      Non-fiction Central Library Central Library 05/01/2010 080/6.7.09/8/23.4.09/29.7.09 25.00 510 मालाकु B-349515 1 25.00 Children Books  
      Non-fiction Central Library Central Library 03/01/2012 बल्यूबैरी/7040/29.9.11/83/21.3.11/10.10.11 25.00 510 मालाकु B-444235 1 25.00 Children Books  
  Written-off vide DLB M. No. 383 dt 16.05.19   Non-fiction Karol Bagh Karol Bagh 05/01/2010 080/6.7.09/8/23.4.09/29.7.09 25.00 510 मालाकु B-349518 1 25.00 Children Books  
      Non-fiction Patel Nagar Patel Nagar 05/01/2010 080/6.7.09/8/23.4.09/29.7.09 25.00 510 मालाकु B-349516 1 25.00 Children Books  
      Non-fiction Patel Nagar Patel Nagar 03/01/2012 बल्यूबैरी/7040/29.9.11/83/21.3.11/10.10.11 25.00 510 मालाकु B-444236 1 25.00 Children Books  
      Non-fiction Sarojini Nagar Sarojini Nagar 05/01/2010 080/6.7.09/8/23.4.09/29.7.09 25.00 510 मालाकु B-349517 1 25.00 Children Books  
      Non-fiction Sarojini Nagar Sarojini Nagar 03/01/2012 बल्यूबैरी/7040/29.9.11/83/21.3.11/10.10.11 25.00 510 मालाकु B-444237 1 25.00 Children Books  
  Written-off vide DLB M. No. 383 dt 16.05.19   Non-fiction Shahdara Branch Shahdara Branch 05/01/2010 080/6.7.09/8/23.4.09/29.7.09 25.00 510 मालाकु B-349519 1 25.00 Children Books  
  Lost and Paid For   Non-fiction Shahdara Branch Shahdara Branch 03/01/2012 बल्यूबैरी/7040/29.9.11/83/21.3.11/10.10.11 25.00 510 मालाकु B-444239 1 25.00 Children Books R.No.004/90

© Delhi Public Library
Hit Counter
free hit counter